[Event "Heusenstamm Sparkassen op-B 4th"]
[Site "Heusenstamm"]
[Date "2017.11.24"]
[Round "2"]
[White "Schwegler, Jelena"]
[Black "Samy AS, Anthoni"]
[Result "1-0"]
[WhiteElo "1462"]
[BlackElo "1098"]
[PlyCount "49"]
[EventDate "2017.11.23"]
[EventType "swiss"]
[EventRounds "7"]
[EventCountry "GER"]
[SourceTitle "EXT 2019"]
[Source "ChessBase"]
[SourceDate "2018.10.10"]
[SourceVersion "1"]
[SourceVersionDate "2018.10.10"]
[SourceQuality "1"]

1. e4 e5 2. Nf3 Nc6 3. d4 exd4 4. Nxd4 Bc5 5. Be3 Nf6 6. Nxc6 bxc6 7. Bxc5 d6 8. Be3 Nxe4 9. Bd3 Nc5 10. Bxc5 dxc5 11. 0-0 0-0 12. Qh5 g6 13. Qxc5 Qf6 14. Nc3 a6 15. Rfe1 Rb8 16. Ne4 Qe6 17. Ng5 Qd5 18. Qxd5 cxd5 19. b3 h6 20. Nf3 g5 21. Re7 c6 22. Ne5 Rb6 23. Re1 f6 24. Bh7+ Kh8 25. Ng6# 1-0